<?xml version="1.0" encoding="UTF-8"?>
<collection xmlns="http://www.loc.gov/MARC21/slim">
 <record>
  <leader>02522cam a2200337 a 4500</leader>
  <controlfield tag="001">1/40322</controlfield>
  <controlfield tag="008">100929s2008    enkabe   b    101 0 eng d</controlfield>
  <datafield tag="020" ind1=" " ind2=" ">
   <subfield code="a">9781845934149 (alk. paper)</subfield>
  </datafield>
  <datafield tag="020" ind1=" " ind2=" ">
   <subfield code="a">1845934148 (alk. paper)</subfield>
  </datafield>
  <datafield tag="020" ind1=" " ind2=" ">
   <subfield code="a">9789251059647 (FAO)</subfield>
  </datafield>
  <datafield tag="020" ind1=" " ind2=" ">
   <subfield code="a">9251059640 (FAO)</subfield>
  </datafield>
  <datafield tag="035" ind1=" " ind2=" ">
   <subfield code="l">43082</subfield>
  </datafield>
  <datafield tag="040" ind1=" " ind2=" ">
   <subfield code="a">DLC</subfield>
   <subfield code="c">GR-PeUP</subfield>
  </datafield>
  <datafield tag="082" ind1="0" ind2="0">
   <subfield code="a">639.2 ECO</subfield>
  </datafield>
  <datafield tag="245" ind1="0" ind2="4">
   <subfield code="a">The ecosystem approach to fisheries /</subfield>
   <subfield code="c">edited by Gabriella Bianchi and Hein Rune Skjoldal.</subfield>
  </datafield>
  <datafield tag="260" ind1=" " ind2=" ">
   <subfield code="a">Wallingford, UK ;</subfield>
   <subfield code="a">Cambridge, MA :</subfield>
   <subfield code="b">CABI ;</subfield>
   <subfield code="a">Rome :</subfield>
   <subfield code="b">Food and Agriculture Organization of the United Nations,</subfield>
   <subfield code="c">c2008.</subfield>
  </datafield>
  <datafield tag="300" ind1=" " ind2=" ">
   <subfield code="a">xiii, 363 σ. :</subfield>
   <subfield code="b">εικ., χάρτ. ;</subfield>
   <subfield code="c">23 εκ.</subfield>
  </datafield>
  <datafield tag="500" ind1=" " ind2=" ">
   <subfield code="a">&quot;Published by Food and Agriculture Organization of the United Nations.&quot;</subfield>
  </datafield>
  <datafield tag="500" ind1=" " ind2=" ">
   <subfield code="a">&quot;This book is based on ... the Conference on Implementing the Ecosystem Approach to Fisheries held in Bergen (Norway) on 26-28 September 2006&quot;--P. xiii.</subfield>
  </datafield>
  <datafield tag="504" ind1=" " ind2=" ">
   <subfield code="a">Περιέχει βιβλιογραφία και ευρετήριο.</subfield>
  </datafield>
  <datafield tag="520" ind1="1" ind2=" ">
   <subfield code="a">&quot;Sustainable use of aquatic ecosystems is high on regional, national and international agendas and central to the implementation of international agreements on biological diversity, responsible fisheries and fish stock management. Since 2001, when political commitments were made to implement the ecosystem approach, countries have begun to incorporate ecosystem considerations into their fisheries management and have met with varied success.&quot; &quot;The Ecosystem Approach to Fisheries covers both theoretical and applied aspects of sustainable management, with a particular emphasis on reviewing concepts and addressing implementation issues in the form of case studies from around the world. Personal experiences are considered from diverse backgrounds and discuss the constraints encountered, strategies identified and best practices to facilitate further implementation.&quot;--BOOK JACKET.</subfield>
  </datafield>
  <datafield tag="650" ind1=" " ind2="4">
   <subfield code="a">Sustainable fisheries</subfield>
   <subfield code="v">Congresses.</subfield>
  </datafield>
  <datafield tag="650" ind1=" " ind2="4">
   <subfield code="a">Fishery management</subfield>
   <subfield code="v">Congresses.</subfield>
  </datafield>
  <datafield tag="650" ind1=" " ind2="4">
   <subfield code="a">Marine ecology</subfield>
   <subfield code="v">Congresses.</subfield>
  </datafield>
  <datafield tag="700" ind1="1" ind2=" ">
   <subfield code="a">Bianchi, G.</subfield>
   <subfield code="q">(Gabriella)</subfield>
  </datafield>
  <datafield tag="700" ind1="1" ind2=" ">
   <subfield code="a">Skjoldal, Hein Rune.</subfield>
  </datafield>
  <datafield tag="710" ind1="2" ind2=" ">
   <subfield code="a">Food and Agriculture Organization of the United Nations.</subfield>
  </datafield>
  <datafield tag="711" ind1="2" ind2=" ">
   <subfield code="a">Bergen Conference on Implementing the Ecosystem Approach to Fisheries</subfield>
   <subfield code="d">(2006 :</subfield>
   <subfield code="c">Bergen, Norway)</subfield>
  </datafield>
  <datafield tag="852" ind1=" " ind2=" ">
   <subfield code="a">INST</subfield>
   <subfield code="b">UNIPILB</subfield>
   <subfield code="c">MAIN</subfield>
   <subfield code="e">20100927</subfield>
   <subfield code="h">639.2 ECO</subfield>
   <subfield code="p">00158607</subfield>
   <subfield code="q">00158607</subfield>
   <subfield code="t">LOAN</subfield>
   <subfield code="y">0</subfield>
   <subfield code="4">1</subfield>
  </datafield>
  <datafield tag="856" ind1="4" ind2=" ">
   <subfield code="d">/webopac/covers/02/43082_9781845934149.jpg</subfield>
   <subfield code="z">(alk. paper)</subfield>
  </datafield>
  <datafield tag="856" ind1="4" ind2=" ">
   <subfield code="d">/webopac/covers/02/43082_1845934148.jpg</subfield>
   <subfield code="z">(alk. paper)</subfield>
  </datafield>
 </record>
</collection>
